000 00210 a2200097 4500
001 852
100 _aSpangenberg,K,.R
245 _aFundamentals of electron de
260 _a
_bMcgrawhill
_c
090 _c443
_d443
942 _aNUST-CAE
_cM
_c30745
999 _c235925
_d235925